000 00775nam a2200265 a 4500
001 BRL_1830
005 20190320211404.0
008 060815s1994----si-a######---#000-0#eng-#
020 _a0500277974
041 _aeng
044 _asi
050 4 _aF1219.3.M4
_b.L434 1994
100 1 _aLechuga, Ruth D.
_d1920-2004
_92443
245 1 0 _aMask arts of Mexico
_cRuth D. Lechuga et Chloë Sayer ; Photographs by David Lavender.
260 _aSingapore
_bThames and Hundson
_c1994
300 _a96 p.
_bil. a color
_c27 cm.
500 _aAu2192
504 _aBibliografía: p. 96
650 1 4 _aMáscaras
_zMéxico
_94284
650 1 4 _aCarnaval
_zMéxico
_926940
700 1 _aSayer, Choë
_926941
700 1 _aLavender, David
_eil.
_927988
902 _aGRL
942 _2lcc
_cB
999 _c10638
_d10638